Проекты зданий однокомплектных, двухкомплектных школ (калька), сметы на их постройку, ведомости по обмеру работ и расценочная ве...

Доступно только в Электронных читальных залах Найти на картеНа карте
RUSMARC
00003867nmc2a22002413x 450
0017b8ef6ec-603d-4232-9102-9bcfd6249654
00520240215223320.0
100##$a20230228l19121915k l0rusy0189 ca
1010#$arus
102##$aRU
105##$ae###
1221#$ad
2001#$aПроекты зданий однокомплектных, двухкомплектных школ (калька), сметы на их постройку, ведомости по обмеру работ и расценочная ведомость для составления смет на земские школы
$j1912 г.; 1915 г.
215##$a158 л.
$cплан.
$d36,5х26 см
251##$cДело
300##$aНижегородский уезд, Нижегородская губерния
371##$aДокумент не является опубликованным и широко распространяемым
461#0$1001a74412a3-3cc5-4d21-8f0a-dfe2fbd9e72d
$12001
$aДепартамент народного просвещения Министерства народного просвещения (1803-1917)
$1251
$cФонд
$1852
$j733
462#0$1001eefd6294-0537-45df-8819-30374025727c
$12001
$aПроекты школьных зданий и сметы на их постройку (в связи с подготовкой введения всеобщего обучения)
$1251
$cОпись
$1852
$j233
801#0$aRU
$bРГИА
$c20230228
$gRCR
801#1$aRU
$bГлавНИВЦ
$c20230228
$2rusmarc
801#2$aRU
$bПБ им. Б.Н. Ельцина
$c20240215
$gRCR
$2rusmarc
850##$aРГИА
852##$aРГИА
$eФедеральное казенное учреждение "Российский государственный исторический архив" (РГИА)
$j264
937##$hРГИА
$d12397119
$aASBIBLIO_SCAN
035##$aRusGRCC00067275
856##$uhttp://readingroom.main.prlib.ru/item.aspx?id_node=n191003423&mode=full
Формат отображения